[Event "EYCC 2024 - O10"]
[Site "?"]
[Date "2024.08.25"]
[Round "4.1"]
[White "Kolodziejczyk, Boris"]
[Black "Zhang, Junyi"]
[Result "1-0"]
[BlackElo "1936"]
[WhiteElo "1983"]
[LiveChessVersion "1.4.8"]

1. e4 {[%clk 1:30:43]} c5 {[%clk 1:30:59]} 2. Nf3 {[%clk 1:31:06]} e6
{[%clk 1:31:17]} 3. b3 {[%clk 1:29:15]} Nc6 {[%clk 1:30:22]} 4. Bb2
{[%clk 1:29:23]} a6 {[%clk 1:30:36]} 5. g3 {[%clk 1:20:11]} d6 {[%clk 1:28:11]}
6. d4 {[%clk 1:16:50]} cxd4 {[%clk 1:24:14]} 7. Nxd4 {[%clk 1:16:09]} Nf6
{[%clk 1:22:03]} 8. Bg2 {[%clk 1:14:57]} Qc7 {[%clk 1:21:20]} 9. O-O
{[%clk 1:14:16]} Be7 {[%clk 1:18:56]} 10. c4 {[%clk 1:13:55]} O-O
{[%clk 1:16:42]} 11. Nc3 {[%clk 1:13:33]} Bd7 {[%clk 1:11:52]} 12. Rc1
{[%clk 1:13:16]} Qb6 {[%clk 0:55:23]} 13. Na4 {[%clk 1:09:36]} Qc7
{[%clk 0:54:48]} 14. Nc3 {[%clk 1:08:29]} Qb6 {[%clk 0:55:07]} 15. Nc2
{[%clk 1:08:13]} Rac8 {[%clk 0:55:11]} 16. h3 {[%clk 1:07:57]} Rfd8
{[%clk 0:55:02]} 17. Kh1 {[%clk 1:05:27]} Be8 {[%clk 0:54:20]} 18. f4
{[%clk 1:03:37]} Nb4 {[%clk 0:45:57]} 19. g4 {[%clk 0:53:31]} Nxc2
{[%clk 0:45:47]} 20. Rxc2 {[%clk 0:53:35]} Bc6 {[%clk 0:45:04]} 21. Re2
{[%clk 0:48:43]} Rd7 {[%clk 0:41:58]} 22. Rd2 {[%clk 0:47:33]} Rcd8
{[%clk 0:39:30]} 23. g5 {[%clk 0:47:18]} Ne8 {[%clk 0:39:46]} 24. h4
{[%clk 0:46:35]} Nc7 {[%clk 0:31:11]} 25. f5 {[%clk 0:44:18]} exf5
{[%clk 0:31:37]} 26. Rxf5 {[%clk 0:42:51]} Bf8 {[%clk 0:30:02]} 27. Rf1
{[%clk 0:38:03]} Ne6 {[%clk 0:29:52]} 28. Nd5 {[%clk 0:37:28]} Bxd5
{[%clk 0:27:53]} 29. exd5 {[%clk 0:37:44]} Nc5 {[%clk 0:27:36]} 30. Bd4
{[%clk 0:37:27]} Re7 {[%clk 0:27:21]} 31. Qg4 {[%clk 0:33:26]} Rde8
{[%clk 0:26:41]} 32. Rdf2 {[%clk 0:30:16]} Qc7 {[%clk 0:25:32]} 33. h5
{[%clk 0:25:48]} Nd3 {[%clk 0:22:59]} 34. Rd2 Ne5 {[%clk 0:21:15]} 35. Qg3
{[%clk 0:22:15]} b5 {[%clk 0:18:46]} 36. cxb5 {[%clk 0:21:58]} axb5
{[%clk 0:19:10]} 37. Rdf2 {[%clk 0:22:01]} Qd7 {[%clk 0:19:03]} 38. Bxe5
{[%clk 0:21:20]} Rxe5 {[%clk 0:19:15]} 39. Rxf7 {[%clk 0:21:21]} Qxf7
{[%clk 0:19:43]} 40. Rxf7 {[%clk 0:21:50]} Kxf7 {[%clk 0:20:12]} 41. g6+
{[%clk 0:21:50]} Kg8 {[%clk 0:20:00]} 42. Qf3 {[%clk 0:20:31]} Re1+
{[%clk 0:19:26]} 43. Kh2 {[%clk 0:20:48]} R1e2 {[%clk 0:19:18]} 44. a4
{[%clk 0:20:51]} bxa4 {[%clk 0:19:06]} 45. bxa4 {[%clk 0:21:20]} R2e3
{[%clk 0:19:06]} 46. Qf7+ {[%clk 0:21:03]} Kh8 {[%clk 0:19:28]} 47. a5
{[%clk 0:21:09]} R3e7 {[%clk 0:19:07]} 48. Qf3 {[%clk 0:20:57]} Ra7
{[%clk 0:18:32]} 49. gxh7 {[%clk 0:20:32]} Kxh7 {[%clk 0:18:23]} 50. Qf5+
{[%clk 0:20:52]} Kg8 {[%clk 0:18:12]} 51. h6 {[%clk 0:17:33]} Rae7
{[%clk 0:17:15]} 52. Qg6 {[%clk 0:13:15]} Kh8 {[%clk 0:15:52]} 53. h7
{[%clk 0:11:29]} Re3 {[%clk 0:13:30]} 54. a6 {[%clk 0:11:02]} Ra8
{[%clk 0:12:27]} 55. Qc2 {[%clk 0:06:25]} Ra3 {[%clk 0:12:11]} 56. Bf1
{[%clk 0:06:54]} Re3 {[%clk 0:11:32]} 57. Qc6 {[%clk 0:06:46]} Ree8
{[%clk 0:11:03]} 58. a7 {[%clk 0:05:52]} Kxh7 {[%clk 0:10:33]} 59. Qb7
{[%clk 0:05:39]} Rac8 {[%clk 0:09:05]} 60. Bd3+ {[%clk 0:05:39]} Kg8
{[%clk 0:08:38]} 61. Kg2 {[%clk 0:04:40]} Kh8 {[%clk 0:03:05]} 62. Qf7
{[%clk 0:04:25]} Re5 {[%clk 0:03:31]} 63. Qd7 {[%clk 0:04:42]} Ra8
{[%clk 0:02:37]} 64. Qb7 {[%clk 0:04:26]} Ree8 {[%clk 0:02:08]} 65. Bg6
{[%clk 0:04:32]} Rec8 {[%clk 0:01:33]} 66. Qd7 {[%clk 0:04:50]} Rc3
{[%clk 0:01:08]} 67. Qg4 {[%clk 0:04:47]} Rc2+ {[%clk 0:01:10]} 68. Bxc2
{[%clk 0:05:10]} Rxa7 {[%clk 0:01:37]} 69. Qh5+ {[%clk 0:05:37]} 1-0

[Event "EYCC 2024 - O10"]
[Site "?"]
[Date "2024.08.25"]
[Round "4.2"]
[White "Fuentes De Nova, Sebastian"]
[Black "Li, Yunqi"]
[Result "1/2-1/2"]
[BlackElo "1968"]
[WhiteElo "1896"]
[LiveChessVersion "1.4.8"]

1. d4 {[%clk 1:30:30]} Nf6 {[%clk 1:30:51]} 2. c4 {[%clk 1:30:55]} e6
{[%clk 1:31:15]} 3. Nc3 {[%clk 1:31:09]} Bb4 {[%clk 1:31:35]} 4. Qc2
{[%clk 1:31:32]} O-O {[%clk 1:31:56]} 5. e4 {[%clk 1:31:47]} d5 {[%clk 1:32:19]}
6. e5 {[%clk 1:32:11]} Ne4 {[%clk 1:32:39]} 7. Bd3 {[%clk 1:32:36]} c5
{[%clk 1:32:59]} 8. cxd5 {[%clk 1:33:01]} exd5 {[%clk 1:33:16]} 9. Nge2
{[%clk 1:33:23]} cxd4 {[%clk 1:33:30]} 10. Nxd4 {[%clk 1:32:59]} Nd7
{[%clk 1:33:48]} 11. O-O {[%clk 1:23:11]} Bxc3 {[%clk 1:26:10]} 12. bxc3
{[%clk 1:21:51]} Nxe5 {[%clk 1:25:48]} 13. Bxe4 {[%clk 1:22:00]} dxe4
{[%clk 1:26:03]} 14. Qxe4 {[%clk 1:16:01]} Re8 {[%clk 1:25:35]} 15. Bf4
{[%clk 1:04:52]} Nc6 {[%clk 1:10:01]} 16. Qd3 {[%clk 0:58:01]} Nxd4
{[%clk 1:08:10]} 17. cxd4 {[%clk 0:58:11]} Be6 {[%clk 1:07:52]} 18. Rfd1
{[%clk 0:56:07]} Bd5 {[%clk 1:08:00]} 19. Qg3 {[%clk 0:52:21]} Qf6
{[%clk 1:05:19]} 20. a4 {[%clk 0:48:42]} a6 {[%clk 1:03:04]} 21. Rac1
{[%clk 0:48:09]} Qg6 {[%clk 1:00:55]} 22. Rc7 {[%clk 0:43:20]} Qxg3
{[%clk 0:59:31]} 23. hxg3 {[%clk 0:43:19]} Rad8 {[%clk 0:58:51]} 24. Be3
{[%clk 0:42:55]} h6 {[%clk 0:57:13]} 25. Rc5 {[%clk 0:39:30]} Bc6
{[%clk 0:52:55]} 26. a5 {[%clk 0:38:09]} Rd5 {[%clk 0:53:04]} 27. Rxd5
{[%clk 0:37:39]} Bxd5 {[%clk 0:53:22]} 28. Rc1 {[%clk 0:37:32]} Bc6
{[%clk 0:53:46]} 29. Rc5 {[%clk 0:37:21]} Rd8 {[%clk 0:54:04]} 30. f3
{[%clk 0:36:38]} Rd5 {[%clk 0:54:12]} 31. Rxd5 {[%clk 0:36:54]} Bxd5
{[%clk 0:54:27]} 32. Kf2 {[%clk 0:37:15]} f5 {[%clk 0:54:11]} 33. Ke1
{[%clk 0:36:25]} Kf7 {[%clk 0:54:23]} 34. Bf4 {[%clk 0:34:50]} g5
{[%clk 0:54:23]} 35. Be5 {[%clk 0:34:59]} h5 {[%clk 0:54:43]} 36. Kd2
{[%clk 0:35:10]} Ke6 {[%clk 0:53:58]} 37. Ke3 {[%clk 0:35:19]} Bc4
{[%clk 0:53:11]} 38. Bc7 {[%clk 0:35:14]} Kf6 {[%clk 0:53:05]} 39. Bd8+
{[%clk 0:33:56]} Kg6 {[%clk 0:53:26]} 40. Be7 {[%clk 0:31:54]} Kh6
{[%clk 0:51:07]} 41. Kd2 {[%clk 0:26:07]} Kg6 {[%clk 0:38:07]} 42. g4
{[%clk 0:17:54]} fxg4 {[%clk 0:35:25]} 43. fxg4 {[%clk 0:18:15]} hxg4
{[%clk 0:35:49]} 44. g3 {[%clk 0:18:32]} Kf5 {[%clk 0:36:01]} 45. Kc3
{[%clk 0:18:15]} Bd5 {[%clk 0:36:19]} 46. Kb4 {[%clk 0:18:36]} Ke4
{[%clk 0:36:12]} 47. Kc5 {[%clk 0:18:41]} Bc6 {[%clk 0:36:34]} 48. Bxg5
{[%clk 0:18:57]} Bd5 {[%clk 0:36:50]} 49. Bf4 {[%clk 0:19:11]} Bc6
{[%clk 0:37:14]} 50. Be5 {[%clk 0:19:22]} Bd5 {[%clk 0:37:35]} 51. Kd6
{[%clk 0:19:40]} Bc6 {[%clk 0:37:48]} 52. Ke6 {[%clk 0:19:46]} Bd5+
{[%clk 0:38:06]} 53. Kf6 {[%clk 0:20:07]} Bc6 {[%clk 0:38:30]} 54. Kg5
{[%clk 0:20:19]} Bd7 {[%clk 0:38:54]} 55. Kh5 {[%clk 0:19:33]} Be6
{[%clk 0:39:17]} 56. Kh4 {[%clk 0:19:56]} Bd7 {[%clk 0:39:39]} 57. Kg5
{[%clk 0:20:20]} Be6 {[%clk 0:39:46]} 58. Kf6 {[%clk 0:20:16]} Bd5
{[%clk 0:40:03]} 59. Ke7 {[%clk 0:20:20]} Bc6 {[%clk 0:40:26]} 60. Ke6
{[%clk 0:20:31]} Bd5+ {[%clk 0:40:48]} 61. Kd6 {[%clk 0:20:19]} Bc6
{[%clk 0:41:11]} 62. Kc5 {[%clk 0:20:37]} Bd5 {[%clk 0:41:35]} 63. Kb6
{[%clk 0:21:01]} Bc6 {[%clk 0:41:58]} 64. Kc7 {[%clk 0:21:17]} Bd5
{[%clk 0:42:18]} 65. Kd7 {[%clk 0:21:31]} Bc6+ {[%clk 0:42:43]} 66. Ke6
{[%clk 0:21:48]} Bd5+ {[%clk 0:43:07]} 67. Kf6 {[%clk 0:22:11]} Bc6
{[%clk 0:43:32]} 68. Kg5 {[%clk 0:22:35]} Bd7 {[%clk 0:43:56]} 69. Kh5
{[%clk 0:22:58]} Be6 {[%clk 0:44:17]} 70. Kh6 {[%clk 0:23:13]} Bd7
{[%clk 0:44:41]} 71. Kg6 {[%clk 0:23:33]} Be6 {[%clk 0:44:53]} 72. Kg7
{[%clk 0:23:41]} Bd7 {[%clk 0:45:13]} 73. Kf7 {[%clk 0:24:03]} Bc6
{[%clk 0:45:39]} 74. Ke7 {[%clk 0:24:19]} Bd5 {[%clk 0:45:45]} 75. Kd7
{[%clk 0:24:34]} Bc6+ {[%clk 0:46:10]} 76. Kc7 {[%clk 0:24:57]} Bd5
{[%clk 0:46:34]} 77. Kb6 {[%clk 0:25:11]} Bc6 {[%clk 0:46:59]} 78. Kc5
{[%clk 0:25:36]} Bd5 {[%clk 0:47:22]} 79. Bf4 {[%clk 0:26:00]} Bc6
{[%clk 0:47:46]} 80. Be5 {[%clk 0:26:26]} Bd5 {[%clk 0:48:06]} 81. Bf6
{[%clk 0:26:36]} Bc6 {[%clk 0:48:31]} 82. Bg5 {[%clk 0:26:27]} Bd5
{[%clk 0:48:42]} 83. Bd2 {[%clk 0:26:28]} Bc6 {[%clk 0:49:07]} 84. Bc3
{[%clk 0:26:44]} Bd5 {[%clk 0:49:32]} 85. Kd6 {[%clk 0:27:02]} Bc6
{[%clk 0:49:48]} 86. Ke6 {[%clk 0:27:16]} Bd5+ {[%clk 0:50:05]} 87. Kf6
{[%clk 0:27:31]} Bc6 {[%clk 0:50:27]} 88. Kg6 {[%clk 0:27:47]} Bd7
{[%clk 0:50:50]} 89. Kg5 {[%clk 0:28:11]} Be6 {[%clk 0:51:13]} 90. Kg6
{[%clk 0:28:15]} Bd5 {[%clk 0:50:51]} 91. Kg5 {[%clk 0:28:34]} Be6
{[%clk 0:51:16]} 92. Kf6 {[%clk 0:28:33]} 1/2-1/2

[Event "EYCC 2024 - O10"]
[Site "?"]
[Date "2024.08.25"]
[Round "4.3"]
[White "Orman, Attila"]
[Black "Guirado Lara, Pablo"]
[Result "1-0"]
[BlackElo "1815"]
[WhiteElo "2090"]
[LiveChessVersion "1.4.8"]

1. e4 {[%clk 1:30:59]} e6 {[%clk 1:30:57]} 2. d4 {[%clk 1:31:26]} d5
{[%clk 1:31:23]} 3. Nd2 {[%clk 1:31:53]} dxe4 {[%clk 1:31:48]} 4. Nxe4
{[%clk 1:32:10]} Nd7 {[%clk 1:32:07]} 5. Nf3 {[%clk 1:32:35]} Ngf6
{[%clk 1:32:31]} 6. Bg5 {[%clk 1:32:57]} h6 {[%clk 1:32:49]} 7. Nxf6+
{[%clk 1:33:24]} Nxf6 {[%clk 1:33:04]} 8. Be3 {[%clk 1:33:48]} Bd6
{[%clk 1:32:55]} 9. Bd3 {[%clk 1:32:56]} O-O {[%clk 1:31:53]} 10. Qd2
{[%clk 1:28:05]} Ng4 {[%clk 1:26:11]} 11. Bf4 {[%clk 1:25:57]} Bxf4
{[%clk 1:23:13]} 12. Qxf4 {[%clk 1:25:19]} Nf6 {[%clk 1:23:38]} 13. O-O
{[%clk 1:13:46]} Qd6 14. Ne5 {[%clk 1:10:01]} Nd7 {[%clk 1:07:32]} 15. Rfe1
{[%clk 1:07:57]} c5 {[%clk 0:54:27]} 16. dxc5 {[%clk 1:00:28]} Nxc5
{[%clk 0:53:54]} 17. Rad1 {[%clk 0:59:00]} Nxd3 {[%clk 0:51:45]} 18. Rxd3
{[%clk 0:59:17]} Qc7 {[%clk 0:51:54]} 19. Rc3 {[%clk 0:59:29]} Qd6
{[%clk 0:51:05]} 20. Rg3 {[%clk 0:57:54]} Qe7 {[%clk 0:36:57]} 21. Qxh6
{[%clk 0:56:51]} f6 {[%clk 0:36:26]} 22. Qh4 {[%clk 0:56:47]} Re8
{[%clk 0:34:04]} 23. Ng6 {[%clk 0:57:03]} Qd8 {[%clk 0:26:52]} 24. Qh8+
{[%clk 0:56:59]} Kf7 {[%clk 0:27:21]} 25. Ne5+ {[%clk 0:57:21]} Ke7
{[%clk 0:27:46]} 26. Qxg7+ {[%clk 0:57:44]} 1-0

[Event "EYCC 2024 - O10"]
[Site "?"]
[Date "2024.08.25"]
[Round "4.4"]
[White "Nikitakis, Michail"]
[Black "Llari, Marc"]
[Result "0-1"]
[BlackElo "2224"]
[WhiteElo "1845"]
[LiveChessVersion "1.4.8"]

1. e4 {[%clk 1:30:55]} e5 {[%clk 1:30:57]} 2. Nf3 {[%clk 1:31:14]} Nc6
{[%clk 1:31:20]} 3. Bb5 {[%clk 1:31:21]} a6 {[%clk 1:31:44]} 4. Ba4
{[%clk 1:31:48]} d6 {[%clk 1:32:09]} 5. O-O {[%clk 1:32:01]} Bg4 {[%clk 1:32:31]}
6. Nc3 {[%clk 1:29:34]} b5 {[%clk 1:28:55]} 7. Nxb5 {[%clk 1:25:54]} axb5
{[%clk 1:28:57]} 8. Bxb5 {[%clk 1:26:21]} Bd7 {[%clk 1:27:05]} 9. c3
{[%clk 1:26:20]} Be7 {[%clk 1:26:35]} 10. d4 {[%clk 1:26:03]} Nf6
{[%clk 1:26:10]} 11. Re1 {[%clk 1:24:22]} O-O {[%clk 1:25:21]} 12. Bg5
{[%clk 1:24:21]} h6 {[%clk 1:23:55]} 13. Bh4 {[%clk 1:24:33]} exd4
{[%clk 1:23:22]} 14. cxd4 {[%clk 1:23:59]} Na5 {[%clk 1:22:55]} 15. Bd3
{[%clk 1:21:11]} Nh5 {[%clk 1:21:28]} 16. Bg3 {[%clk 1:17:55]} Nxg3
{[%clk 1:21:44]} 17. fxg3 {[%clk 1:17:52]} c5 {[%clk 1:21:41]} 18. dxc5
{[%clk 0:56:10]} dxc5 {[%clk 1:21:41]} 19. b3 {[%clk 0:56:02]} Be6
{[%clk 1:20:22]} 20. Qe2 {[%clk 0:53:34]} Qb6 {[%clk 1:18:32]} 21. Kh1
{[%clk 0:50:06]} Rac8 {[%clk 1:18:30]} 22. Rac1 {[%clk 0:46:49]} Rfd8
{[%clk 1:17:22]} 23. Qe3 {[%clk 0:40:39]} Qb4 {[%clk 1:16:27]} 24. e5
{[%clk 0:36:45]} c4 {[%clk 1:15:48]} 25. bxc4 {[%clk 0:35:38]} Nxc4
{[%clk 1:14:49]} 26. Qe4 {[%clk 0:29:42]} g6 {[%clk 1:14:49]} 27. Bxc4
{[%clk 0:20:45]} Rxc4 {[%clk 1:15:12]} 28. Qe3 {[%clk 0:20:55]} Rxc1
{[%clk 1:15:17]} 29. Rxc1 {[%clk 0:18:49]} Kg7 {[%clk 1:15:38]} 30. a3
{[%clk 0:18:51]} Qxa3 {[%clk 1:16:00]} 0-1

[Event "EYCC 2024 - O10"]
[Site "?"]
[Date "2024.08.25"]
[Round "4.5"]
[White "Uzdemir, Ali Poyraz"]
[Black "Mueller, Konstantin"]
[Result "1-0"]
[BlackElo "1835"]
[WhiteElo "2008"]
[LiveChessVersion "1.4.8"]

1. e4 {[%clk 1:30:57]} c5 {[%clk 1:30:55]} 2. Nf3 {[%clk 1:31:20]} e6
{[%clk 1:31:20]} 3. d4 {[%clk 1:31:47]} cxd4 {[%clk 1:31:46]} 4. Nxd4
{[%clk 1:32:13]} Nf6 {[%clk 1:32:08]} 5. Nc3 {[%clk 1:32:39]} Nc6
{[%clk 1:32:13]} 6. Ndb5 {[%clk 1:32:56]} d6 {[%clk 1:32:35]} 7. Bf4
{[%clk 1:33:17]} e5 {[%clk 1:32:59]} 8. Bg5 {[%clk 1:33:43]} a6 {[%clk 1:33:24]}
9. Na3 {[%clk 1:34:04]} b5 {[%clk 1:33:49]} 10. Nd5 {[%clk 1:34:21]} Be7
{[%clk 1:34:15]} 11. Bxf6 {[%clk 1:34:44]} Bxf6 {[%clk 1:34:41]} 12. c4
{[%clk 1:35:00]} b4 {[%clk 1:35:06]} 13. Nc2 {[%clk 1:35:26]} a5 {[%clk 1:35:32]}
14. Qf3 {[%clk 1:35:09]} Bg5 {[%clk 1:35:09]} 15. Rd1 {[%clk 1:34:18]} Bb7
{[%clk 1:32:44]} 16. h4 {[%clk 1:18:05]} Bh6 {[%clk 1:26:11]} 17. g4
{[%clk 1:06:18]} Bf4 {[%clk 1:24:45]} 18. Nxf4 {[%clk 1:03:08]} Qf6
{[%clk 1:24:19]} 19. Ne3 {[%clk 0:56:04]} Ne7 {[%clk 1:18:10]} 20. Nf5
{[%clk 0:54:00]} Nxf5 {[%clk 1:18:19]} 21. Nh5 {[%clk 0:53:56]} Qe7
{[%clk 0:59:07]} 22. gxf5 {[%clk 0:53:41]} f6 {[%clk 0:58:45]} 23. Rg1
{[%clk 0:52:32]} Rg8 {[%clk 0:58:59]} 24. c5 {[%clk 0:52:34]} Rd8
{[%clk 0:57:36]} 25. Bb5+ {[%clk 0:52:04]} Kf8 {[%clk 0:57:47]} 26. c6
{[%clk 0:52:31]} Ba8 {[%clk 0:57:27]} 27. Bc4 {[%clk 0:52:53]} 1-0

[Event "EYCC 2024 - O10"]
[Site "?"]
[Date "2024.08.25"]
[Round "4.6"]
[White "Pasula, Milos"]
[Black "Nakonechnyi, Oleksii"]
[Result "0-1"]
[BlackElo "1891"]
[WhiteElo "1974"]
[LiveChessVersion "1.4.8"]

1. d4 {[%clk 1:30:48]} Nf6 {[%clk 1:30:51]} 2. c4 {[%clk 1:30:48]} e6
{[%clk 1:31:07]} 3. Nf3 {[%clk 1:30:36]} Bb4+ {[%clk 1:31:28]} 4. Nbd2
{[%clk 1:30:50]} c5 {[%clk 1:31:06]} 5. e3 {[%clk 1:29:11]} cxd4 {[%clk 1:31:08]}
6. exd4 {[%clk 1:29:25]} d5 {[%clk 1:30:48]} 7. a3 {[%clk 1:25:43]} Bxd2+
{[%clk 1:31:10]} 8. Bxd2 {[%clk 1:25:00]} dxc4 {[%clk 1:30:31]} 9. Bxc4
{[%clk 1:24:51]} O-O {[%clk 1:30:48]} 10. O-O {[%clk 1:24:32]} a6
{[%clk 1:28:11]} 11. Bg5 {[%clk 1:21:38]} b5 {[%clk 1:25:02]} 12. Bd3
{[%clk 1:17:12]} Bb7 {[%clk 1:22:09]} 13. Ne5 {[%clk 1:15:25]} Qd5
{[%clk 1:18:40]} 14. Nf3 {[%clk 1:07:53]} Nbd7 {[%clk 1:15:39]} 15. Re1
{[%clk 1:01:46]} h6 {[%clk 1:08:33]} 16. Bf4 {[%clk 0:45:07]} Rac8
{[%clk 1:00:43]} 17. Qe2 {[%clk 0:35:52]} Nb6 {[%clk 0:46:34]} 18. Rad1
{[%clk 0:29:42]} Qh5 {[%clk 0:42:15]} 19. Ne5 {[%clk 0:28:17]} Qxe2
{[%clk 0:41:28]} 20. Rxe2 {[%clk 0:26:44]} Bd5 {[%clk 0:38:38]} 21. Bd2
{[%clk 0:19:08]} Bb3 {[%clk 0:37:58]} 22. Rde1 {[%clk 0:17:46]} Nbd5
{[%clk 0:33:58]} 23. g4 {[%clk 0:14:34]} Bc2 {[%clk 0:33:01]} 24. h3
{[%clk 0:13:00]} Bxd3 {[%clk 0:33:13]} 25. Nxd3 {[%clk 0:13:28]} Nd7
{[%clk 0:30:56]} 26. b4 {[%clk 0:07:30]} Rc4 {[%clk 0:30:03]} 27. Nc5
{[%clk 0:07:37]} N7b6 {[%clk 0:30:05]} 28. Re4 {[%clk 0:06:38]} Rc2
{[%clk 0:29:57]} 29. R4e2 {[%clk 0:05:00]} Nc4 {[%clk 0:30:00]} 30. Bc1
{[%clk 0:04:46]} Rc3 {[%clk 0:28:39]} 31. Nxa6 {[%clk 0:03:46]} Nxa3
{[%clk 0:27:37]} 32. Bb2 {[%clk 0:03:02]} Rxh3 {[%clk 0:27:51]} 33. Nc5
{[%clk 0:02:17]} Nc4 {[%clk 0:27:58]} 34. Rc2 {[%clk 0:00:52]} Nxb4
{[%clk 0:28:12]} 35. Rxc4 {[%clk 0:00:58]} bxc4 {[%clk 0:28:36]} 36. Kg2
{[%clk 0:01:25]} Nd3 {[%clk 0:28:43]} 37. Re4 {[%clk 0:01:37]} c3
{[%clk 0:27:24]} 38. Ba3 {[%clk 0:01:19]} Nxc5 {[%clk 0:27:05]} 39. Bxc5
{[%clk 0:01:26]} c2 {[%clk 0:27:08]} 40. Re1 {[%clk 0:01:26]} Rc3
{[%clk 0:27:17]} 41. Bxf8 {[%clk 0:01:49]} Kxf8 {[%clk 0:27:20]} 42. Rc1
{[%clk 0:02:11]} Ke7 {[%clk 0:27:48]} 43. f3 {[%clk 0:02:34]} Kd6
{[%clk 0:28:13]} 0-1

[Event "EYCC 2024 - O10"]
[Site "?"]
[Date "2024.08.25"]
[Round "4.7"]
[White "Zhang, Yiming"]
[Black "Szakolczai, Alex"]
[Result "0-1"]
[BlackElo "1962"]
[WhiteElo "1810"]
[LiveChessVersion "1.4.8"]

1. e4 {[%clk 1:30:38]} c5 {[%clk 1:30:49]} 2. Nf3 {[%clk 1:31:03]} e6
{[%clk 1:31:13]} 3. d4 {[%clk 1:31:29]} cxd4 {[%clk 1:31:38]} 4. Nxd4
{[%clk 1:31:53]} a6 {[%clk 1:32:01]} 5. c4 {[%clk 1:32:19]} Nf6 {[%clk 1:32:26]}
6. Nc3 {[%clk 1:32:42]} Qc7 {[%clk 1:32:48]} 7. a3 {[%clk 1:32:29]} b6
{[%clk 1:32:40]} 8. Be3 {[%clk 1:29:43]} Bb7 {[%clk 1:32:30]} 9. f3
{[%clk 1:28:45]} Be7 {[%clk 1:31:55]} 10. Be2 {[%clk 1:28:08]} O-O
{[%clk 1:31:44]} 11. g4 {[%clk 1:21:39]} d5 {[%clk 1:26:38]} 12. g5
{[%clk 1:16:55]} Nh5 {[%clk 1:26:53]} 13. Qd2 {[%clk 1:15:15]} Bd6
{[%clk 1:24:33]} 14. O-O-O {[%clk 1:12:47]} Nf4 {[%clk 1:18:23]} 15. Kb1
{[%clk 1:11:08]} Nxe2 {[%clk 1:09:50]} 16. Qxe2 {[%clk 1:10:37]} Qxc4
{[%clk 1:09:07]} 17. Qxc4 {[%clk 1:09:50]} dxc4 {[%clk 1:09:32]} 18. Nxe6 fxe6
{[%clk 1:09:55]} 19. Rxd6 {[%clk 1:10:24]} Rxf3 {[%clk 1:10:18]} 20. Bxb6
{[%clk 1:10:18]} e5 {[%clk 0:46:00]} 21. Rhd1 {[%clk 1:02:12]} Nc6
{[%clk 0:42:37]} 22. Rd7 {[%clk 1:00:35]} Rb8 {[%clk 0:41:42]} 23. Bc7
{[%clk 0:58:22]} Re8 {[%clk 0:41:00]} 24. Bxe5 {[%clk 0:56:39]} Nxe5
{[%clk 0:39:27]} 25. Rxb7 {[%clk 0:55:58]} Nd3 {[%clk 0:38:10]} 26. h4
{[%clk 0:48:18]} g6 {[%clk 0:22:12]} 27. Nd5 {[%clk 0:42:46]} Nc5
{[%clk 0:17:40]} 28. Rc7 {[%clk 0:41:34]} Nxe4 {[%clk 0:18:02]} 29. Ka1
{[%clk 0:31:02]} Rd3 {[%clk 0:15:57]} 30. Rxd3 {[%clk 0:27:09]} cxd3
{[%clk 0:16:25]} 31. Rd7 {[%clk 0:27:30]} d2 {[%clk 0:15:28]} 32. Ne3
{[%clk 0:25:28]} Nc5 {[%clk 0:15:25]} 0-1

[Event "EYCC 2024 - O10"]
[Site "?"]
[Date "2024.08.25"]
[Round "4.8"]
[White "Larion, Iustin"]
[Black "Gazic, Petar"]
[Result "1-0"]
[BlackElo "1801"]
[WhiteElo "1902"]
[LiveChessVersion "1.4.8"]

1. d4 {[%clk 1:30:28]} d5 {[%clk 1:30:19]} 2. Bg5 {[%clk 1:30:30]} h6 3. Bh4
{[%clk 1:30:29]} Bf5 {[%clk 1:28:03]} 4. c4 {[%clk 1:28:32]} dxc4
{[%clk 1:27:48]} 5. Nc3 {[%clk 1:28:45]} Nf6 {[%clk 1:26:34]} 6. Bxf6
{[%clk 1:26:00]} exf6 {[%clk 1:26:55]} 7. e4 {[%clk 1:26:23]} Bh7
{[%clk 1:26:29]} 8. Bxc4 {[%clk 1:26:09]} Be7 {[%clk 1:22:00]} 9. Nf3
{[%clk 1:21:36]} O-O {[%clk 1:20:07]} 10. O-O {[%clk 1:20:09]} a6
{[%clk 1:10:26]} 11. a4 {[%clk 1:15:46]} Nd7 {[%clk 1:07:40]} 12. Re1
{[%clk 1:11:03]} Nb6 {[%clk 0:57:55]} 13. Bf1 {[%clk 1:10:16]} Qd7
{[%clk 0:55:37]} 14. a5 {[%clk 1:10:03]} Nc8 {[%clk 0:56:00]} 15. Qb3
{[%clk 1:09:27]} Nd6 {[%clk 0:50:03]} 16. e5 {[%clk 1:05:26]} Nf5
{[%clk 0:46:51]} 17. Qxb7 {[%clk 1:04:00]} Nxd4 {[%clk 0:40:41]} 18. Nxd4
{[%clk 1:00:40]} Qxd4 {[%clk 0:41:02]} 19. Rad1 {[%clk 0:59:34]} Qb4
{[%clk 0:39:41]} 20. Qxc7 {[%clk 0:58:05]} Qxb2 {[%clk 0:35:11]} 21. Nd5
{[%clk 0:51:17]} Bd8 {[%clk 0:33:36]} 22. Ne7+ {[%clk 0:41:02]} Kh8
{[%clk 0:31:21]} 23. Qc5 {[%clk 0:41:17]} Bxe7 {[%clk 0:30:43]} 24. Qxe7
{[%clk 0:41:41]} Qa2 {[%clk 0:30:17]} 25. exf6 {[%clk 0:40:58]} Qxa5
{[%clk 0:30:40]} 26. fxg7+ {[%clk 0:40:03]} Kxg7 {[%clk 0:31:03]} 27. Re3
{[%clk 0:26:04]} Bg6 {[%clk 0:29:33]} 28. h3 {[%clk 0:25:13]} Qa4
{[%clk 0:28:19]} 29. Rd6 {[%clk 0:24:26]} Qa1 {[%clk 0:24:59]} 30. Ree6
{[%clk 0:15:32]} Qb1 {[%clk 0:24:43]} 31. Rxg6+ Qxg6 {[%clk 0:25:03]} 32. Rxg6+
{[%clk 0:16:03]} Kxg6 {[%clk 0:25:26]} 33. Bd3+ {[%clk 0:16:27]} Kg7
{[%clk 0:25:40]} 34. Qe5+ {[%clk 0:16:52]} f6 {[%clk 0:25:30]} 35. Qg3+
{[%clk 0:17:11]} Kf7 {[%clk 0:25:50]} 36. Bc4+ {[%clk 0:17:28]} Ke7
{[%clk 0:26:01]} 37. Qc7+ {[%clk 0:17:53]} Ke8 38. Bf7+ {[%clk 0:17:48]} Rxf7
{[%clk 0:26:41]} 39. Qc6+ {[%clk 0:18:16]} Rd7 {[%clk 0:27:04]} 40. Qxa8+ Ke7
{[%clk 0:27:30]} 41. Qxa6 {[%clk 0:18:57]} Kf7 42. Qc4+ Ke7 {[%clk 0:28:06]} 43.
Qe2+ {[%clk 0:19:20]} Kd8 {[%clk 0:28:23]} 44. Qe6 {[%clk 0:19:37]} 1-0